Método completo de canto gregoriano (Registro nro. 84618)
[ vista simple ]
| 000 -ENCABEZADO | |
|---|---|
| Número de control [NR] | 00887nam a22002417a 4500 |
| 008 - DE LONGITUD FIJA DE DATOS DE ELEMENTOS - INFORMACIÓN GENERAL | |
| Elementos de longitud fija [NR] | 130821s1943 sp gr spa |
| 040 ## - FUENTE DE CATALOGACION [NR] | |
| Agencia de catalogación original [NR] | Co-BoUCM |
| Idioma de catalogación [NR] | spa |
| 041 00 - CODIGO DE IDIOMA [R] | |
| Código de idioma para texto/pista de sonido o título separado [R] | Español |
| 092 ## - SIGNATURA TOPOGRAFICA LOCAL | |
| Número de clasificación local | FM 000712 |
| 100 ## - ASIENTO PRINCIPAL--NOMBRE PERSONAL [NR] | |
| Nombre personal [NR] | Suñol, Gregorio M |
| ID Autoridad | 148644 |
| 245 00 - MENCION DE TITULO [NR] | |
| Título [NR] | Método completo de canto gregoriano |
| Parte restante del título [NR] | según la escuela de Solesmes |
| Mención de responsabilidad, etc. [NR] | Gregorio M. Suñol |
| 250 ## - MENCION DE EDICION [NR] | |
| Mención de edición [NR] | 8a. ed notablemente reformada |
| 260 ## - PUBLICACION, DISTRIBUCION, ETC. (PIE DE IMPRENTA) [R] | |
| Lugar de publicación, distribución, etc. [R] | Barcelona (España) |
| Nombre del editor, distribuidor, etc. [R] | Monasterio de Monserrat |
| Fecha de publicación, distribución, etc. [R] | 1943 |
| 300 ## - DESCRIPCION FISICA [R] | |
| Extensión [R] | 227 páginas |
| 500 ## - NOTA GENERAL [R] | |
| Nota general [NR] | Incluye bibliografía e índice. -- Este libro se encuentra en el depósito de la biblioteca |
| 650 04 - ASIENTO SECUNDARIO DE MATERIA - TERMINO TEMATICO [R] | |
| Término temático o nombre geográfico como elemento de entrada [NR] | Canto gregoriano |
| 9 (RLIN) | 10426 |
| 650 04 - ASIENTO SECUNDARIO DE MATERIA - TERMINO TEMATICO [R] | |
| Término temático o nombre geográfico como elemento de entrada [NR] | Canto gregoriano |
| Subdivisión general [R] | Enseñanza |
| 9 (RLIN) | 10426 |
| 650 04 - ASIENTO SECUNDARIO DE MATERIA - TERMINO TEMATICO [R] | |
| Término temático o nombre geográfico como elemento de entrada [NR] | Enseñanza |
| 9 (RLIN) | 7573 |
| 650 04 - ASIENTO SECUNDARIO DE MATERIA - TERMINO TEMATICO [R] | |
| Término temático o nombre geográfico como elemento de entrada [NR] | Lectura y ejecución de partituras |
| 9 (RLIN) | 18319 |
| 650 04 - ASIENTO SECUNDARIO DE MATERIA - TERMINO TEMATICO [R] | |
| Término temático o nombre geográfico como elemento de entrada [NR] | Metodología |
| 9 (RLIN) | 19433 |
| 650 04 - ASIENTO SECUNDARIO DE MATERIA - TERMINO TEMATICO [R] | |
| Término temático o nombre geográfico como elemento de entrada [NR] | Música sacra |
| Subdivisión general [R] | Metodología |
| 9 (RLIN) | 20018 |
| 942 ## - ELEMENTOS DE ENTRADA AGREGADOS (KOHA) | |
| Tipo de ítem principal el descrito en 300a | Libro |
| Tema principal | [No clasificado] |
| Edición | 8 |
| Título oculto en OPAC | No |
| Fecha de último préstamo | Total préstamos | Total Renewals | Signatura topográfica | Código de barras | Última vez visto | Volúmen / Fascículo | Ejemplar | Price effective from | Tipo de ítem | Perdido | Sistema de clasificación | Dañado | No prestable | Tipo de ítem específico | Suprimido | Ubicación habitual | Ubicación actual | Localización | Fecha de creación | Forma de adquisición | Costo |
|---|---|---|---|---|---|---|---|---|---|---|---|---|---|---|---|---|---|---|---|---|---|
| 08/05/2017 | 1 | 2 | ~ | 120056935 | 02/02/2018 | FM 000712 | Ej.1 | 03/02/2013 | Libro | LOCAL | Fondos especiales | Archivo Histórico | Archivo histórico | 28/02/2003 | Donación | 10000.00 |